[Event "AUTO-BEG-194"]
[Site "http://www.queenalice.com/game.php?id=369604"]
[Date "2008.3.12"]
[Round "1"]
[White "quena"]
[Black "abhinav_aku1991"]
[Result "1-0"]
[WhiteElo "1487"]
[BlackElo "1228"]

1. e4 e5 2. Nf3 Bc5 3. Nxe5 d6 4. d4 Bb6 5. Nc4 Be6 6. d5 Bd7 7. e5 dxe5 8. Nxe5
Nf6 9. Qe2 Na6 10. Nc3 Nb4 11. Qe3 Nxc2+ 12. Kd1 Nxe3+ 13. fxe3 Ng4 14. Nxg4
Bxg4+ 15. Ne2 Qe7 16. h3 Bh5 17. Bd2 Rd8 18. g4 Bg6 19. Bg2 f6 20. Nf4 c6 21.
dxc6 bxc6 22. Bxc6+ Kf7 23. Rc1 Rc8 24. Nd5 Qe6 25. Nf4 Qe7 26. Nd5 Qd6 27. Bb4
Qxb4 28. Nxb4 Rhd8+ 29. Nd5 1-0

[Event "AUTO-BEG-194"]
[Site "http://www.queenalice.com/game.php?id=369605"]
[Date "2008.3.12"]
[Round "1"]
[White "abhinav_aku1991"]
[Black "quena"]
[Result "0-1"]
[WhiteElo "1222"]
[BlackElo "1493"]

1. e4 Nc6 2. Bc4 Nf6 3. d3 d5 4. exd5 Na5 5. Nf3 e6 6. Ne5 Nxc4 7. dxc4 exd5 8.
cxd5 Qxd5 9. Bf4 Qxd1+ 10. Kxd1 Bd6 11. Nc3 Nh5 12. Ne4 Nxf4 13. Nc4 Be7 14. Re1
O-O 15. Nc3 Nxg2 16. Ne3 Nxe1 17. Kxe1 Bb4 18. Rd1 g6 19. a3 Bxc3+ 20. bxc3 a5
21. a4 Re8 22. Ke2 f5 23. f4 Be6 24. c4 Bxc4+ 25. Kf2 Rad8 26. h4 b5 27. axb5
Rxd1 28. Nxd1 a4 29. Nb2 Bxb5 0-1

[Event "AUTO-BEG-194"]
[Site "http://www.queenalice.com/game.php?id=369616"]
[Date "2008.3.12"]
[Round "1"]
[White "abhinav_aku1991"]
[Black "Pelaggio"]
[Result "0-1"]
[WhiteElo "1237"]
[BlackElo "1400"]

1. e4 e5 2. d3 d6 3. Be3 Nf6 4. Nf3 Bg4 5. Nc3 d5 6. exd5 Bb4 7. d4 Bxc3+ 8.
bxc3 Nxd5 9. h3 Nxe3 10. fxe3 Bxf3 11. Qxf3 O-O 12. Bc4 Nc6 13. Rb1 Na5 14. Rb4
Nxc4 15. Rxc4 b6 16. dxe5 b5 17. Rc6 a5 18. O-O Qe7 19. Rd1 Rfd8 20. Rd4 Qxe5
21. c4 Rxd4 22. exd4 Qxd4+ 23. Kh2 bxc4 24. Rxc7 Qd6+ 25. Qg3 Qxg3+ 26. Kxg3 h6
27. c3 Rb8 28. a4 g5 29. Rxc4 Kg7 0-1

[Event "AUTO-BEG-194"]
[Site "http://www.queenalice.com/game.php?id=369617"]
[Date "2008.3.12"]
[Round "1"]
[White "Pelaggio"]
[Black "abhinav_aku1991"]
[Result "1-0"]
[WhiteElo "1390"]
[BlackElo "1247"]

1. e4 e5 2. Qh5 Nf6 3. Qxe5+ Be7 4. d3 Nc6 5. Qc3 d6 6. Nf3 Be6 7. Bg5 h6 8.
Bxf6 gxf6 9. Nbd2 d5 10. e5 fxe5 11. Nxe5 Bg5 12. Nxc6 bxc6 13. Qxh8+ Kd7 14.
Qxd8+ Rxd8 15. O-O-O a6 16. d4 Rb8 17. Bxa6 Rb4 18. g3 Rxd4 19. f4 Bf6 20. Rhf1
h5 21. Nb3 c5 22. Nxd4 cxd4 23. Bb5+ c6 24. Ba6 d3 25. Bxd3 c5 26. Bb5+ Kc7 27.
a4 d4 28. Rf3 d3 29. Rdxd3 1-0

[Event "Let's Play Chess!"]
[Site "http://www.queenalice.com/game.php?id=370577"]
[Date "2008.3.13"]
[Round "-"]
[White "abhinav_aku1991"]
[Black "Matrim"]
[Result "0-1"]
[WhiteElo "1249"]
[BlackElo "1715"]

1. e4 c6 2. Bc4 b5 3. Bb3 h5 4. d3 a5 5. Nf3 a4 6. Bxf7+ Kxf7 7. h3 d6 8. g4
hxg4 9. Ng5+ Ke8 10. f3 g3 11. f4 g6 12. Rg1 Bxh3 13. Rxg3 Bc8 14. Qf3 Nf6 15.
Nc3 b4 16. Ne2 Bg4 17. Rxg4 Nxg4 18. Qxg4 Ra5 19. Nd4 Qd7 20. f5 Bh6 21. Bf4
Bxg5 22. Bxg5 Rh1+ 23. Kd2 Rxa1 24. Ne6 Qa7 25. Ng7+ Kd8 26. fxg6 Qf2+ 27. Qe2
Qxe2+ 28. Kxe2 Rg1 29. Ne6+ Ke8 30. c4 Raxg5 31. Nxg5 Rxg5 32. c5 dxc5 33. d4
cxd4 34. e5 Rxg6 35. b3 axb3 36. axb3 Nd7 0-1

[Event "AUTO-INT-1266"]
[Site "http://www.queenalice.com/game.php?id=568867"]
[Date "2009.4.8"]
[Round "1"]
[White "Adilson22"]
[Black "abhinav_aku1991"]
[Result "1-0"]
[WhiteElo "1334"]
[BlackElo "1240"]

1. e4 e5 2. Nf3 Bc5 3. Nxe5 d6 4. Bb5+ Nc6 5. Qf3 dxe5 6. Nc3 Nf6 7. O-O a6 8.
Bxc6+ bxc6 9. Na4 Bb4 10. c3 Bd6 11. d4 exd4 12. cxd4 Bg4 13. Qd3 Rb8 14. e5 Rb4
15. b3 Bxe5 16. Be3 a5 17. f3 Bxd4 18. Rae1 Nd5 19. Bxd4+ Be6 20. Bxg7 Rg8 21.
Qxh7 Nf6 22. Bxf6 Rh8 23. Qxh8+ Kd7 24. Qxd8# 1-0

[Event "AUTO-INT-1266"]
[Site "http://www.queenalice.com/game.php?id=568868"]
[Date "2009.4.8"]
[Round "1"]
[White "abhinav_aku1991"]
[Black "Adilson22"]
[Result "0-1"]
[WhiteElo "1215"]
[BlackElo "1344"]

1. e4 e5 2. Bc4 Nf6 3. d3 Nc6 4. Nc3 Bb4 5. Nf3 h6 6. a3 Bxc3+ 7. bxc3 Ng4 8. h3
Nf6 9. Rb1 d6 10. a4 Be6 11. g4 Na5 12. Ba3 Qd7 13. Bb5 c6 14. Bc4 Bxc4 15. dxc4
Nxc4 16. Ra1 Nxe4 17. Nd2 Nexd2 18. Rg1 e4 19. Bb2 Nf3+ 20. Ke2 Nxb2 21. Qd4
Nxd4+ 22. Ke3 Nxc2+ 23. Kd2 Qe6 24. Rgc1 Nxa1 25. Rxa1 Qd5+ 26. Kc2 Nc4 27. Rb1
Na3+ 28. Kb2 Nc4+ 29. Kc2 Qd2+ 30. Kb3 Na5+ 31. Kb4 b6 32. h4 Qxf2 33. c4 Qd2+
34. Ka3 Qd3+ 35. Ka2 Qc2+ 36. Rb2 Qxc4+ 0-1

[Event "AUTO-INT-1266"]
[Site "http://www.queenalice.com/game.php?id=568881"]
[Date "2009.4.8"]
[Round "1"]
[White "marcelob2"]
[Black "abhinav_aku1991"]
[Result "1-0"]
[WhiteElo "1540"]
[BlackElo "1266"]

1. e4 e5 2. Nf3 d6 3. d4 Bg4 4. Be2 Nc6 5. d5 Nd4 6. Nxd4 exd4 7. Bxg4 Nf6 8.
Bg5 Be7 9. Qxd4 Nxg4 10. Bxe7 Qxe7 11. O-O c5 12. Qxg7 Rf8 13. Qxg4 Rc8 14. Nc3
1-0

[Event "AUTO-INT-1266"]
[Site "http://www.queenalice.com/game.php?id=568882"]
[Date "2009.4.8"]
[Round "1"]
[White "abhinav_aku1991"]
[Black "marcelob2"]
[Result "1-0"]
[WhiteElo "1242"]
[BlackElo "1569"]

1. d4 Nf6 2. Bf4 d6 3. e3 Nc6 4. Nc3 Bf5 5. Bc4 e5 6. dxe5 dxe5 7. Bg3 Nb4 8. e4
Bd7 9. Nf3 Bd6 10. Bxe5 Bxe5 11. Nxe5 O-O 12. f3 Qe7 13. Nd5 Nbxd5 14. exd5
Qxe5+ 15. Qe2 1-0

[Event "AUTO-INT-1266"]
[Site "http://www.queenalice.com/game.php?id=568889"]
[Date "2009.4.8"]
[Round "1"]
[White "TigerLilly"]
[Black "abhinav_aku1991"]
[Result "1-0"]
[WhiteElo "1654"]
[BlackElo "1242"]

1. e4 e5 2. Bc4 Bc5 3. Nc3 d6 4. Qf3 Nf6 5. h3 Nc6 6. Nge2 Nd4 7. Nxd4 exd4 8.
Nd5 Be6 9. Nxf6+ gxf6 10. Bb3 Rg8 11. d3 b5 12. Bh6 Rg6 13. Bd2 f5 14. exf5 Bxf5
15. O-O-O Rb8 16. Rde1+ Be6 17. Qf5 d5 18. Bxd5 c6 19. Bxe6 fxe6 20. Qxc5 Ra8
21. Qxc6+ Ke7 22. Bb4+ Kf7 23. Qf3+ Rf6 24. Qh5+ Rg6 25. Qxh7+ Rg7 26. Qh6 Rc8
27. Qxe6# 1-0

[Event "AUTO-INT-1266"]
[Site "http://www.queenalice.com/game.php?id=568890"]
[Date "2009.4.8"]
[Round "1"]
[White "abhinav_aku1991"]
[Black "TigerLilly"]
[Result "0-1"]
[WhiteElo "1244"]
[BlackElo "1679"]

1. d4 Nf6 2. Bf4 e6 3. e3 b6 4. Nc3 Bb7 5. Bc4 Bb4 6. Nf3 Bxc3+ 7. bxc3 Ne4 8.
Ne5 Nxc3 9. Qd3 Ne4 10. f3 Nf6 11. Bg5 h6 12. Bf4 d6 13. Ng4 Nxg4 14. fxg4 Nd7
15. Rb1 Bxg2 16. Rg1 Bb7 17. e4 e5 18. dxe5 dxe5 19. Bg3 O-O 20. Rf1 Qe7 21. h4
Nc5 22. Qa3 Bxe4 23. Rf2 Qd7 24. Rf5 Bxf5 25. gxf5 Qxf5 26. Kd1 Rfd8+ 27. Kc1
Rd4 28. Bd3 Nxd3+ 29. Kd2 Nc5+ 30. Kc1 Na4 31. Rb4 Qf1+ 32. Be1 Qxe1# 0-1

[Event "Challenge"]
[Site "http://www.queenalice.com/game.php?id=568893"]
[Date "2009.4.8"]
[Round "-"]
[White "CampbellMarcel"]
[Black "abhinav_aku1991"]
[Result "1-0"]
[WhiteElo "1663"]
[BlackElo "1244"]

1. e4 e5 2. Nf3 Bd6 3. Bc4 Nf6 4. Ng5 Rf8 5. O-O Nc6 6. Nc3 Bc5 7. Bxf7+ Rxf7 8.
Nxf7 Kxf7 9. Kh1 d6 10. h3 g5 11. d3 g4 12. hxg4 Bxg4 13. f3 Bh5 14. g4 Bg6 15.
Bg5 Nd4 16. Nd5 Ne6 17. Bxf6 Qe8 18. g5 Nf4 19. Nxc7 Qc8 20. Nxa8 Qxa8 21. a3
Bh5 22. b4 Bd4 23. Rb1 h6 24. Bxe5 Bxe5 25. d4 Bg7 26. gxh6 Bxh6 27. c4 a6 28.
e5 Bg6 29. Rb2 Nd3 30. e6+ Kxe6 31. Re2+ Kf7 32. Qa4 Qh8 33. Qd7+ Kg8 34. Qe6+
Kh7 35. Qxd6 Bf8 36. Rh2+ Bh6 37. Qe7+ Qg7 38. Qxg7+ Kxg7 39. d5 Nf4 40. Rg1 Ne2
41. Rxe2 b6 42. d6 Kf7 43. d7 Kf6 44. d8=Q+ Kg7 45. Re7+ Kf6 46. Rh7+ Kf5 47.
Rxh6 Bf7 48. Qf6# 1-0

[Event "AUTO-BEG-307"]
[Site "http://www.queenalice.com/game.php?id=570624"]
[Date "2009.4.12"]
[Round "1"]
[White "abhinav_aku1991"]
[Black "Sap"]
[Result "0-1"]
[WhiteElo "1261"]
[BlackElo "966"]

1. e4 e5 2. Bc4 a6 3. d3 Bb4+ 4. Nc3 Bxc3+ 5. bxc3 Kf8 6. Nf3 c6 7. Nxe5 Qf6 8.
d4 d6 9. Bxf7 dxe5 10. dxe5 Qxf7 11. Rb1 Nh6 12. Qd8+ Qe8 13. Qc7 Bd7 14. Rxb7
g5 15. Bxg5 Nf7 16. Bf6 Rg8 17. e6 Bxe6 18. Be7+ Kg7 19. h3 Bxa2 20. h4 Bb1 21.
Rxb1 Nd7 22. Qa5 Qxe7 23. Rb7 Qxe4+ 24. Kd1 Qxh4 25. Rxd7 Qg4+ 26. Ke1 Qxg2 27.
Qh5 Rge8+ 28. Kd1 Rad8 29. Re1 Rxd7+ 30. Kc1 Rxe1+ 31. Kb2 Qg6 32. Qf3 c5 33.
Kb3 Rb1+ 34. Ka2 Rb8 35. Qe2 Rb6 36. Qc4 Rb2+ 37. Kxb2 Rb7+ 38. Ka3 Rb5 39. Ka4
Rb2 40. Qxc5 Rb7 41. c4 Qd6 42. Qa3 Qxa3+ 43. Kxa3 Rc7 44. Kb3 Re7 45. c3 Re2
46. c5 Re6 47. c4 h5 48. Kb4 h4 49. Ka5 Ne5 50. c6 Rxc6 51. Kb4 Nxc4 52. f4 Nd2
53. f5 Kf6 54. Ka5 Kxf5 55. Kb4 h3 56. Ka5 h2 0-1

[Event "AUTO-BEG-307"]
[Site "http://www.queenalice.com/game.php?id=570625"]
[Date "2009.4.12"]
[Round "1"]
[White "Sap"]
[Black "abhinav_aku1991"]
[Result "0-1"]
[WhiteElo "933"]
[BlackElo "1240"]

1. e4 e5 2. f3 Bc5 3. h3 d6 4. Ne2 Nf6 5. d3 Nc6 6. Qd2 Bb4 7. a3 Bxd2+ 8. Bxd2
Be6 9. g3 Nd4 10. Nxd4 exd4 11. Bg5 h6 12. Bxf6 gxf6 13. h4 Rg8 14. g4 c5 15. b3
b5 16. Nd2 c4 17. bxc4 bxc4 18. dxc4 Rb8 19. Nb3 a5 20. Nxd4 Qb6 21. Ne2 Bxc4
22. Nf4 Rc8 23. Bxc4 Rxc4 24. Nd5 Qd4 25. Rh2 f5 26. Rc1 Ra4 27. c3 Qc5 28. Rh1
fxg4 29. fxg4 Rxg4 30. Rf1 Rgxe4+ 31. Kd1 Qxd5+ 32. Kc2 Rxa3 33. Rcd1 Qb3+ 34.
Kd3 Rxh4 35. Rb1 Qxc3+ 36. Ke2 Qd3+ 37. Kf2 Rh2+ 38. Ke1 Qe2# 0-1

[Event "AUTO-BEG-307"]
[Site "http://www.queenalice.com/game.php?id=570628"]
[Date "2009.4.12"]
[Round "1"]
[White "abhinav_aku1991"]
[Black "Reginato"]
[Result "0-1"]
[WhiteElo "1231"]
[BlackElo "1404"]

1. e4 e5 2. Bc4 Bc5 3. d3 Nc6 4. Nf3 h6 5. Nc3 d6 6. Nd5 Be6 7. Be3 Bd4 8. c3
Bxe3 9. fxe3 a6 10. d4 Bg4 11. h3 Bxf3 12. gxf3 Na5 13. Qa4+ Nc6 14. Rg1 b5 15.
Qb3 bxc4 16. Qxc4 Qd7 17. Rg4 f6 18. dxe5 fxe5 19. f4 Nge7 20. Rxg7 Qxh3 21.
Nxc7+ Kd8 22. Nxa8 Qxe3+ 23. Qe2 Qxf4 24. b4 Qh4+ 25. Kd2 Qf6 26. Rag1 h5 27.
Nb6 Nb8 28. Nd5 Qh6+ 29. R1g5 h4 30. Nxe7 Qf6 31. a4 h3 0-1

[Event "AUTO-BEG-307"]
[Site "http://www.queenalice.com/game.php?id=570629"]
[Date "2009.4.12"]
[Round "1"]
[White "Reginato"]
[Black "abhinav_aku1991"]
[Result "1-0"]
[WhiteElo "1437"]
[BlackElo "1222"]

1. d4 d6 2. e4 e5 3. d5 Nf6 4. Bg5 Nbd7 5. Bb5 a6 6. Bxf6 gxf6 7. Bxd7+ Bxd7 8.
Nc3 Rg8 9. Qf3 c6 10. b4 Bg4 11. Qg3 cxd5 12. Nxd5 h5 13. h3 Be6 14. Qxg8 Rc8
15. Ne3 b5 16. Qh8 d5 17. Rd1 Rc3 18. Ne2 Rxc2 19. Nxc2 h4 20. Qxh4 Be7 21. Ng3
f5 22. Qh8+ Bf8 23. Qxe5 Be7 24. Qh8+ Kd7 25. Qxd8+ Kxd8 26. exf5 Bd7 27. Rxd5
f6 28. O-O a5 29. bxa5 b4 30. a6 Kc8 31. Rc1 Kc7 32. Nxb4+ 1-0

[Event "Poirot x abhinav_aku1991 "]
[Site "http://www.queenalice.com/game.php?id=585865"]
[Date "2009.5.9"]
[Round "-"]
[White "Poirot"]
[Black "abhinav_aku1991"]
[Result "1-0"]
[WhiteElo "1889"]
[BlackElo "1246"]

1. e4 e5 2. Nf3 d6 3. d4 exd4 4. Nxd4 Be6 5. Nxe6 fxe6 6. Bd3 d5 7. exd5 exd5 8.
O-O Bc5 9. Re1+ Ne7 10. Qh5+ g6 11. Qe5 Kd7 12. Nc3 Nbc6 13. Qe6+ Ke8 14. Nxd5
Nb4 15. Nf6+ Kf8 16. Bh6# 1-0

[Event "abhinav_aku1991 x Poirot"]
[Site "http://www.queenalice.com/game.php?id=585866"]
[Date "2009.5.9"]
[Round "-"]
[White "abhinav_aku1991"]
[Black "Poirot"]
[Result "0-1"]
[WhiteElo "1248"]
[BlackElo "1879"]

1. e4 e5 2. Bc4 Nf6 3. d3 Nc6 4. Bg5 Be7 5. Nf3 O-O 6. Nc3 d6 7. Nb5 a6 8. Nc3
b5 9. Bb3 Nd4 10. Bd5 Nxd5 11. exd5 Bxg5 12. g3 Bg4 13. Ne2 Nxf3+ 14. Kf1 Bh3#
0-1

[Event "Challenge"]
[Site "http://www.queenalice.com/game.php?id=612407"]
[Date "2009.7.2"]
[Round "-"]
[White "abhinav_aku1991"]
[Black "CampbellMarcel"]
[Result "0-1"]
[WhiteElo "1233"]
[BlackElo "1836"]

1. e4 e6 2. Bc4 d5 3. Bd3 dxe4 4. Bxe4 f5 5. Bf3 Nf6 6. d3 Be7 7. Bg5 h6 8. Bh4
g5 9. Bg3 g4 10. Be2 h5 11. Bh4 Nd5 12. Nf3 gxf3 13. Bxf3 Nf6 14. Nc3 Ng4 15. g3
Bxh4 16. Nb5 Bg5 17. Nd4 Ne5 18. h4 Bf6 19. c3 Nbc6 0-1

[Event "Round 1"]
[Site "http://www.queenalice.com/game.php?id=614288"]
[Date "2009.7.6"]
[Round "-"]
[White "Mr_SPOCK"]
[Black "abhinav_aku1991"]
[Result "1-0"]
[WhiteElo "1556"]
[BlackElo "1271"]

1. e4 e5 2. Qh5 Bb4 3. Qxe5+ Ne7 4. Qxg7 Rg8 5. Qxh7 d6 6. Bc4 Be6 7. Bxe6 fxe6
8. Qh5+ Ng6 9. c3 Ba5 10. Qxa5 Nc6 11. Qh5 Ne5 12. d4 Nd3+ 13. Kd2 Nxf2 14. Kc2
Nxh1 15. Bg5 Qc8 16. Qh7 Kf8 17. Bh6+ 1-0